Hydrograficzne nazwy relacyjne w powiecie ełckim
| Titel: | Hydrograficzne nazwy relacyjne w powiecie ełckim |
|---|---|
| Verfasser: | |
| In: |
Nazwy własne na pograniczach kulturowych, (2000), Seite 267-282 alle Artikel anzeigen |
| Veröffentlicht: | 2000 |
| Format: | Aufsatz |
| Sprache: | Polnisch |
X
alg: 39381787 001A $01999:12-11-16 001B $01999:28-05-21 $t19:20:37.000 001D $01999:12-11-16 001U $0utf8 001X $00 002@ $0Aox 003@ $0393817873 007A $0393817873 $aHEB 007T $0Herdk22994 010@ $apol 011@ $a2000 021A $aHydrograficzne nazwy relacyjne w powiecie ełckim 027A $aGewässernamen im Kreis Lyck 028A $aFamielec $dMonika 031A $h267-282 $j2000 039B $aIn $8--Aay--. Nazwy własne na pograniczach kulturowych. - Białystok : Uniw. w Białymstoku, Inst. Filologii Wschodnioslowianskie, 2000. - 302 S.. - Kt.. - ISBN 83-88463-08-x $x200000000000000733 $9113201818 045F $a307.094382 $eDDC23BSB 045F/01 $a307.09 045F/03 $g4382 045F/03 $g43832 046C $aGewässernamen im Kreis Lyck $bÜbers. des Hauptsacht. lok: 39381787 78 exp: 39381787 78 1 #EPN 201B/01 $018-11-16 $t09:51:04.000 201U/01 $0utf8 203@/01 $078992837X 208@/01 $a12-11-16 $be 209A/01 $a/ $f000 $x00 220C/01 $aTitelaufnehmer: pbb 220C/01 $aHerkunft: IH PAN/PBB Kraków 244Z/01 $2Trx $#Prusy Wschodnie i Zachodnie $8--Trx--Ost- und Westpreußen $x01 $939113373X 244Z/01 $2Trx $#Lyck Kreis $8--Trx--Ełk$gpowiat $x02 $9391263803 244Z/01 $aGeschichte 1000-2000 $x03 244Z/01 $2Trx $#nimeteadus veekogud $#onomastika vandenvardžiai $#onomatology bodies of water $#névtan vizek $#onomastyka, nazwy wodne $#toponomastika vodstvo $#toponomastika vodstvo $8--Trx--Namenkunde$gGewässer $x04 $9391366521 244Z/01 $2Trx $8--Trx--Einzelbeiträge $x05 $9391384570 245Z/01 $a13.02 $x01 245Z/01 $a11.07 $x02 247C/01 $82080>Marburg/Lahn, Herder-Institut, Forschungsbibliothek, Bibliographieportal $9336309341
| LEADER | 00000caa a22000002c 4500 | ||
|---|---|---|---|
| 001 | 393817873 | ||
| 003 | DE-603 | ||
| 005 | 20210528192037.0 | ||
| 007 | tu | ||
| 008 | 161112s2000 xx |||| | u00||u|pol c | ||
| 035 | |a (DE-599)HEB393817873 | ||
| 040 | |a DE-603 |b ger |c DE-603 |d DE-603 | ||
| 041 | |a pol | ||
| 082 | 0 | 4 | |8 1\u |a 307.094382 |q DE-101 |2 23/BSB |
| 085 | |8 1\u |b 307.09 | ||
| 085 | |8 1\u |z 2 |s 4382 | ||
| 085 | |8 1\u |z 2 |s 43832 | ||
| 100 | 1 | |a Famielec, Monika | |
| 245 | 0 | 0 | |a Hydrograficzne nazwy relacyjne w powiecie ełckim |
| 246 | 1 | |i Übers. des Hauptsacht. |a Gewässernamen im Kreis Lyck | |
| 246 | 1 | 3 | |a Gewässernamen im Kreis Lyck |
| 264 | 0 | |c 2000 | |
| 773 | 0 | 8 | |i In |t Nazwy własne na pograniczach kulturowych |d Białystok : Uniw. w Białymstoku, Inst. Filologii Wschodnioslowianskie, 2000 |h 302 S., Kt. |z 838846308x |g (2000), Seite 267-282 |w (DE-603)113201818 |
| 924 | 0 | |9 2080 |a (DE-603)78992837X |b DE-2080 |c HES |d d |g / | |


